000
00206 a2200097 4500
001
14112
100
_a
Hothersall H
245
_a
English composition
260
_a
London
_b
G Bell
_c
090
_c
11057
_d
11057
942
_a
NUST-CAE
_c
M
_c
1178
999
_c
249185
_d
249185